1236 1280 1849 1392 1991 1491 1685 1514 1555 1742 1913 1928 1252 1204 1748 1511 1445 1405 1619 1160 1432 1686 1834 1870 1621 1596 1405 1395 1682 1472 1342 1414 1775 1080 1616 1002 1893 1164 1888 1115 1645 1042 1234 1708 1037 1345 1162 1165 1578 1329 1486 1241 1019 1105 1438 1416 1932 1132 1897 1081 1019 1312 1185 1118 1724 1958 1780 1589 1604 1706 1914 1125 1580 1010 1098 1410 1519 1300 1200 1467 1867 1134 1623 1445 1416 1269 1272 1175 1652 1329 1278 1869 1461 1501 1587 1586 1393 1099 1442 BCNSPRNW ULIB Ver.6.0+V

เปลี่ยนเป็นภาษาไทย

Change to English
 แสดงรายละเอียดบรรณานุกรม
  กลับหน้าหลัก

Brief Record : Get Marc (ISO 2709) : E-mail record : QR code < ปิดหน้าต่าง
LEADER : 00000nam 2200000uu 4500
001    13399121916
003     ULIB
008    121213s2547||||th 000 0 tha d
020    ^a9746441469
020    9789746441469
060 04 ^aWN180^bส731ร 2547
100 0  ^aสิริพร หิรัญแพทย์
245 10 ^aรังสีวินิจฉัยภาวะบาดเจ็บกระดูกสันหลังส่วนคอ /^cสิริพรหิรัญแพทย์ ; [บรรณาธิการจัดการ, สุเมธ พีรวุฒิ]
246 14 ^aรังสีวินิจฉัยภาวะบาดเจ็บกระดูกสันหลังส่วนคอ =^bDiagnosisradiology of the cervical spine injury
246 14 ^aDiagnosis radiology of the cervical spine injury
250    ^aพิมพ์ครั้งที่ 2 (ปรับปรุงเพิ่มเติม)
260    ^aสงขลา :^bหน่วยผลิตตำรา คณะแพทยศาสตร์มหาวิทยาลัยสงขลานครินทร์,^c2547
300    ^a210 หน้า :^bภาพประกอบ ;^c26 ซม.
650  7 ^aการบันทึกภาพรังสี
650  7 ^aกระดูกสันหลังส่วนคอ, โรค^xการรักษาด้วยรังสี
650  7 ^aรังสีวินิจฉัย
700 0  ^aสุเมธ พีรวุฒิ,^eบรรณาธิการ
710 2  ^aมหาวิทยาลัยสงขลานครินทร์. ^bคณะแพทยศาสตร์. ^bหน่วยผลิตตำรา
945    ^p350^l0^i24730
995    ^aทศพร
999    ^aทศพร เกษรทอง
รายการนี้ยังไม่มีแท็ก
คุณยังไม่ได้ล็อกอิน คุณสามารถมีกิจกรรมร่วมกับเว็บไซต์ได้ แต่ต้องล็อกอินก่อน ::
  ล็อกอิน

รายการสื่อสารสนเทศ

ลำดับที่ ประเภท เลขเรียก/บาร์โค้ด สถานที่ สถานะ
1. วิทยาศาสตร์การแพทย์ และสุขภาพ
วิทยาศาสตร์การแพทย์ และสุขภาพ
WN180 ส731ร 2547 ฉ.1 
  Barcode: 24730
ห้องสมุดวิทยาเขตสวรรค์ประชารักษ์
►หนังสือทั่วไป
บนชั้น

รายการใกล้เคียง
    หัวเรื่อง [การบันทึกภาพรังสี]
    หัวเรื่อง [รังสีวินิจฉัย]

BibComment


ยังไม่เคยถูกคอมเมนท์

คอมเมนท์ทรัพยากรรายการนี้
  คอมเมนท์: รังสีวินิจฉัยภาว..


 Copyright 2026. Bcnsprnw @Library